01134nam a2200301Ia 4500999001900000001002200019003000900041005001700050008004100067040002300108041000800131082002600139999000700165100005900172240003400231245005300265250001500318260003500333300001900368490002000387500001800407501012400425520000700549655003300556700003400589942001200623952019700635 c336979d336979126-STI ma un (17825)IT-MiSPE20180507174843.0171229s9999||||xx |||||||||||||| ||und|| aIT-MiSPEcIT-MiSPE aita a126-STI ma un (17825) bNO aStirner, Maxd1806-1856qSchmidt, Johann Kaspar957084 aDer Einzige und sein Eigentum 0aL'unico e la sua proprietà /bL'uomo anarchico a1a ed. (v) aBussolengo (VR)bDemetrac1996 a415 p. c20 cm aAcquarelliv107 aPersonalità aEdizioni San Paolo srl - Piazza Soncino, 5 - 20092 CINISELLO BALSAMO (MI) (non commercial uses only) ® Copyright 2018 aFA aFilosofiaxAnarchismo957085 aLuca Michelini (pres.)957086 cBK2ddc 00102ddc406126STI_MA_UN_1782571aCINISELLObCINISELLOd2017-12-30l0o126-STI ma un (17825)r2017-12-30 00:00:00w2017-12-30yBKz(data import: 20 dicembre 2017) - By Epidotti, Vaglietti.